L'histoire au fil des dates - Statistiques

Statistiques générales
  • Ce quiz a été pris 59 fois
  • Le résultat moyen est 9 sur 15
Statistiques - réponses
Hint Réponse % Correct
Chute du mur de Berlin 1989
89%
Révolution Française 1789
87%
Découverte de l'Amérique 1492
83%
Première Guerre Mondiale 1914-1918
81%
Deuxième Guerre Mondiale 1939-1945
81%
Pandémie du Covid-19 2020
79%
Dissolution de l'URSS 1991
72%
Création de l'ONU 1945
68%
Déclaration indépendance des Etats-Unis 1776
66%
Chute de l'empire romain d'Occident 476
57%
Massacre de la Saint-Barthélémy 1572
36%
Accident AZF 2001
36%
Début réforme Protestante 1517
15%
Fondation de Rome 753 avant J-C
6%
Premiers Jeux Olympiques 776 avant J-C
6%
Aucun quiz correspondant
Distribution des résultats
% des personnes avec chaque résultat
Percentile par nombre de réponses
Votre historique - résultats
Vous n’avez pas pris ce quiz